UBT Library

Sistemi ndërkombëtar i njësive SI / (Record no. 453)

000 -LEADER
fixed length control field 00572nam a22001697a 4500
008 - FIXED-LENGTH DATA ELEMENTS--GENERAL INFORMATION
fixed length control field 140520b xxu||||| |||| 00| 0 alb d
020 ## - INTERNATIONAL STANDARD BOOK NUMBER
International Standard Book Number 9789951437172
041 0# - LANGUAGE CODE
Language code of text/sound track or separate title alb
080 ## - UNIVERSAL DECIMAL CLASSIFICATION NUMBER
Universal Decimal Classification number 53.081
Common auxiliary subdivision (075.8)
100 ## - Rafti
Rafti Skenderi, Skender H.
245 10 - TITLE STATEMENT
Title Sistemi ndërkombëtar i njësive SI /
Statement of responsibility, etc Skender H. Skenderi, Besnik S. Skenderi
260 ## -
-- Prishtinë:
-- Universiteti për Biznes dhe Teknologji: Fakulteti i Inxhinierisë Elektrike dhe Kompjuterike,
-- 2012.
300 ## -
-- 72 f.:
-- me il.;
-- 21 cm
500 ## -
-- Parathënie: f.3
650 #0 -
-- Njësitë
942 ## - ADDED ENTRY ELEMENTS (KOHA)
Source of classification or shelving scheme
Item type Books
Holdings
Withdrawn status Lost status Source of classification or shelving scheme Damaged status Not for loan Collection code Permanent location Current location Shelving location Date acquired Total Checkouts Full call number Barcode Date last seen Koha item type
          Koleksioni i përgjithshem UBT - Prishtine UBT - Prishtine Koleksioni i përgjithshem 05/20/2014   53.081 (075.8) SKE 001-000538 05/20/2014 Books
          Koleksioni i përgjithshem UBT - Prishtine UBT - Prishtine Koleksioni i përgjithshem 05/20/2014   53.081 (075.8) SKE 001-000539 05/20/2014 Books
          Koleksioni i përgjithshem UBT - Prishtine UBT - Prishtine Koleksioni i përgjithshem 05/20/2014   53.081 (075.8) SKE 001-000545 05/20/2014 Books
          Koleksioni i përgjithshem UBT - Prishtine UBT - Prishtine Koleksioni i përgjithshem 05/20/2014   53.081 (075.8) SKE 001-000544 05/20/2014 Books
          Koleksioni i përgjithshem UBT - Prishtine UBT - Prishtine Koleksioni i përgjithshem 05/20/2014   53.081 (075.8) SKE 001-000543 05/20/2014 Books
          Koleksioni i përgjithshem UBT - Prishtine UBT - Prishtine Koleksioni i përgjithshem 05/20/2014   53.081 (075.8) SKE 001-000542 05/20/2014 Books
          Koleksioni i përgjithshem UBT - Prishtine UBT - Prishtine Koleksioni i përgjithshem 05/20/2014   53.081 (075.8) SKE 001-000541 05/20/2014 Books
          Koleksioni i përgjithshem UBT - Prishtine UBT - Prishtine Koleksioni i përgjithshem 05/20/2014   53.081 (075.8) SKE 001-000550 05/20/2014 Books
          Koleksioni i përgjithshem UBT - Prishtine UBT - Prishtine Koleksioni i përgjithshem 05/20/2014   53.081 (075.8) SKE 001-000549 05/20/2014 Books
          Koleksioni i përgjithshem UBT - Prishtine UBT - Prishtine Koleksioni i përgjithshem 05/20/2014   53.081 (075.8) SKE 001-000548 05/20/2014 Books
          Koleksioni i përgjithshem UBT - Prishtine UBT - Prishtine Koleksioni i përgjithshem 05/20/2014   53.081 (075.8) SKE 001-000547 05/20/2014 Books
          Koleksioni i përgjithshem UBT - Prishtine UBT - Prishtine Koleksioni i përgjithshem 05/20/2014   53.081 (075.8) SKE 001-000546 05/20/2014 Books
          Koleksioni i përgjithshem UBT - Prishtine UBT - Prishtine Koleksioni i përgjithshem 05/20/2014   53.081 (075.8) SKE 001-000551 05/20/2014 Books
          Koleksioni i përgjithshem UBT - Prishtine UBT - Prishtine Koleksioni i përgjithshem 05/20/2014   53.081 (075.8) SKE 001-000552 05/20/2014 Books
UBT Library © 2015-2024. All rights reserved University Education for Business and Technology